banner koha

Caracterização da raiva dos herbívoros no estado da Bahia, no período de 2006 a 2007 utilizando técnicas de geoprocessamento (Registro n. 214122)

MARC details
000 -LÍDER
campo de controle de tamanho fixo 01098nas a2200325 4500
001 - NÚMERO DE CONTROLE
campo de controle BR2011003961
003 - IDENTIFICADOR DO NÚMERO DE CONTROLE
campo de controle BR-BrBNA
005 - DATA E HORÁRIO DA ÚLTIMA TRANSAÇÃO
campo de controle 20231205115511.0
007 - CAMPO FIXO DE DESCRIÇÃO FÍSICA--INFORMAÇÃO GERAL
campo de controle de tamanho fixo ta
008 - CAMPO DE DADOS FIXOS--INFORMAÇÃO GERAL
campo de controle de tamanho fixo 230509b bl.|||p| |||| 00| 00por d
040 ## - FONTE DA CATALOGAÇÃO
Instituição da catalogação original BR-BrBNA
Idioma da catalogação por
Instituição que transcreveu o registro Biblioteca Nacional de Agricultura
041 ## - CÓDIGO DE IDIOMA
Código do idioma do texto/trilha sonora ou título diferente (Pt)
072 ## - CÓDIGO DE CATEGORIA DE ASSUNTO
Código de Categoria de Assunto L73
100 1# - ENTRADA PRINCIPAL--NOME PESSOAL
Nome pessoal Santos, J.C.M.
100 1# - ENTRADA PRINCIPAL--NOME PESSOAL
Nome pessoal Campana, M.G.O.G.
100 1# - ENTRADA PRINCIPAL--NOME PESSOAL
Nome pessoal Maia, T.A.C.
100 1# - ENTRADA PRINCIPAL--NOME PESSOAL
Nome pessoal Moura, L.G.
100 1# - ENTRADA PRINCIPAL--NOME PESSOAL
Nome pessoal Alves, J.N.M.
100 1# - ENTRADA PRINCIPAL--NOME PESSOAL
Nome pessoal Penelue, T.
100 1# - ENTRADA PRINCIPAL--NOME PESSOAL
Nome pessoal Ribas, J.R.L.
245 1# - TÍTULO
Título Caracterização da raiva dos herbívoros no estado da Bahia, no período de 2006 a 2007 utilizando técnicas de geoprocessamento
246 1# - FORMA VARIANTE DO TÍTULO
Título/título abreviado Characterization of rabies of herbivores in the State of Bahia, the period 2006 to 2007 using technologies of geoprocessing
650 ## - ASSUNTO--TERMO TÓPICO
Cabeçalho tópico ou nome geográfico ANIMAL HERBÍVORO
650 ## - ASSUNTO--TERMO TÓPICO
Cabeçalho tópico ou nome geográfico RAIVA
650 ## - ASSUNTO--TERMO TÓPICO
Cabeçalho tópico ou nome geográfico SAÚDE PÚBLICA
650 ## - ASSUNTO--TERMO TÓPICO
Cabeçalho tópico ou nome geográfico BAHIA
773 0# - ENTRADA ANALÍTICA
Título Veterinária em Foco (Brazil)
ISSN - International Standard Serial Number ISSN 1679-5237
Partes relacionadas (Jan-Jun 2009), v. 6(2) p. 128-133
Número de controle do registro BR2011003961
909 ## -
-- 202311
-- Lúcia
-- 55
-- Lúcia Elande
942 ## - ELEMENTOS DE ENTRADA ADICIONADOS (KOHA)
Fonte da classificação ou esquema de arquivamento na estante Classificação AGRIS
Ocultar no OPAC Não
Tipo de material Koha Analítica
Exemplares
Situação do descarte Fonte da classificação ou esquema de arquivamento na estante Situação física Não pode ser emprestado Biblioteca de origem Biblioteca atual Localização na estante Enumeração do periódico / cronologia Total de empréstimos Data de último acesso Número do exemplar Tipo de material Koha Fonte de aquisição
  Classificação AGRIS   Consulta local Biblioteca Nacional de Agricultura - Binagri Biblioteca Nacional de Agricultura - Binagri   (Jan-Jun 2009), v. 6(2) p. 128-133   29/11/2023 01 Periódicos Portaria Interministerial nº 164/94

BINAGRI

Telefone: (61)3218-2567/2388/3357/2097 - binagri@agro.gov.br

Ministério da Agricultura e Pecuária , Esplanada dos Ministérios, Bloco D, Anexo B, Brasília/DF, CEP: 70.043-900